Bytový dom

Guardado en:
Detalles Bibliográficos
Autor principal: Kováčik, Filip (Autor)
Otros Autores: Jamnický, Martin (Orientador)
Formato: Manuscrito Libro
Lenguaje:eslovaco
Publicado: 2024
Materias:
Acceso en línea:http://is.stuba.sk/zp/portal_zp.pl?podrobnosti=156895
https://opac.crzp.sk/?fn=detailBiblioForm&sid=D4AFBEDDECE97BC6333F079A1374
Etiquetas: Agregar Etiqueta
Sin Etiquetas, Sea el primero en etiquetar este registro!

MARC

LEADER 00000ntm a22000003a 4500
001 stuzp99428
003 SK-STU
005 20240916142013.4
007 ta
008 150427s2015----xo-----f-mn---000-0-slo-d
040 |a STU  |b slo 
041 0 |a slo 
100 1 |a Kováčik, Filip  |u 010180  |4 aut  |U SvF Stavebná fakulta  |T SvF Katedra konštrukcií pozemných stavieb  |X 104639  |U V180  |Y 18  |7 104639 
242 0 1 |a Residential house  |y eng 
245 1 0 |a Bytový dom 
260 |c 2024 
650 4 |a konštrukcie  |2 slo 
650 4 |a pozemné stavby  |2 slo 
650 4 |a polyfunkčný bytový dom  |2 slo 
650 4 |a residential house  |2 eng 
650 4 |a civil engineering  |2 eng 
650 4 |a architecture  |2 eng 
650 4 |a construction  |2 eng 
700 1 |a Jamnický, Martin  |u 010180  |k Z1  |4 ths  |U SvF Stavebná fakulta  |T SvF Katedra konštrukcií pozemných stavieb  |X 4052  |U V180  |Y 18  |7 A000004052 
856 4 |u http://is.stuba.sk/zp/portal_zp.pl?podrobnosti=156895 
856 4 |u https://opac.crzp.sk/?fn=detailBiblioForm&sid=D4AFBEDDECE97BC6333F079A1374